| 000 | 00472nam a2200193Ia 4500 | ||
|---|---|---|---|
| 003 | 0100 | ||
| 008 | 130227s9999 xx 000 0 und d | ||
| 040 | _cARRUPELIB | ||
| 050 | _aBX3703.F597 2005 | ||
| 100 | _aFleming, David L. | ||
| 245 | _aLessons from Ignatius Loyola | ||
| 260 | _aSt. Louis, Missouri | ||
| 260 | _bReview for Religious | ||
| 260 | _C2005 | ||
| 300 | _a82p. | ||
| 300 | _b 23cm. | ||
| 650 | _bEducation--Philosophy--Annuals | ||
| 942 |
_2lcc _01 |
||
| 999 |
_c2593 _d2593 |
||